01000cam a22002891a 450000100060000000300080000600500170001400800410003103500190007203500110009104000200010204100080012208200210013010000390015124501210019025000120031126000490032330000340037250400310040665000310043765000190046870000260048770000280051394200120054199900170055395201400057043553BD-RjUL20211209053720.0160623s1955 ohua b 000 0 eng  a(BD-RjUL)43671 a569881 aLCbengcLCdLC aeng00a332.1bSTM 1955 1 aSteiner, W.H. d1908-1973.913375410aMoney and banking :ban introduction to the financial system / c[by] W.H. Steiner, Eli Shapiro [and] Ezra Solomon.  a3rd ed. aCincinnati :bSouth-western Pub. Co., c1955 avi, 855 p. :bill. ;c24 cm. aBibliographical footnotes. 0aBanks and banking.9133755 0aMoney.9133756 aShapiro, Eli 9133757 aSolomon, Ezra 9133758 2ddccBK c43553d43553 00102ddc40718NFICaRUCLbRUCLcReadingd1963-03-16eZeithlingerg67.50l0o332.1 STM 1955r2016-06-23 00:00:00tC-1w2016-06-23yBK